Countries with the Least Cars per capita - Statistics

General Stats
  • This quiz has been taken 874 times
    853 since last reset
  • The average score is 14 of 20
Answer Stats
# of cars per 1000 people Continent Country % Correct
18 Africa Niger
85%
13 Africa Mali
82%
4 Africa Rep. of the Congo
80%
5 Africa Somalia
79%
4 Africa Sudan
79%
4 Africa Central African Republic
76%
10 Africa Burundi
74%
14 Africa Mauritania
74%
17 Africa Rwanda
74%
10 Africa Ethiopia
73%
1 Asia North Korea
73%
14 Oceania Papua New Guinea
73%
21 Africa Uganda
73%
11 North America Haiti
70%
13 Africa Malawi
68%
20 Africa Guinea
66%
19 Oceania Solomon Islands
66%
18 Africa Cameroon
65%
12 Africa Tanzania
63%
2 Asia Bangladesh
53%
No matching quizzes found
Score Distribution
Percent of People with Each Score
Percentile by Number Answered
Your Score History
You have not taken this quiz since the last reset